SELF EVIDENT MIRACLES OF THE HOLY QURAN (Record no. 210462)
[ view plain ]
| 000 -LEADER | |
|---|---|
| fixed length control field | 00569nam a22002057a 4500 |
| 005 - DATE AND TIME OF LATEST TRANSACTION | |
| control field | 20250325114646.0 |
| 010 ## - LCCN (DPL NO) | |
| LC control number | ENG-144237 |
| 020 ## - INTERNATIONAL STANDARD BOOK NUMBER | |
| Terms of availability | 80.00 |
| 035 ## - SYSTEM CONTROL NUMBER | |
| System control number | EN-127769 |
| 037 ## - SOURCE OF ACQUISITION | |
| Source of stock number/acquisition | DBAD/PUB |
| 082 ## - DEWEY DECIMAL CLASSIFICATION NUMBER | |
| Classification number | 270 |
| Edition number | 1 |
| 100 ## - MAIN ENTRY--PERSONAL NAME | |
| Personal name | Kazi M.U |
| 245 ## - TITLE STATEMENT | |
| Title | SELF EVIDENT MIRACLES OF THE HOLY QURAN |
| Statement of responsibility, etc | M.U KAZI |
| 260 ## - PUBLICATION, DISTRIBUTION, ETC. (IMPRINT) | |
| Place of publication, distribution, etc | OKHLA |
| Name of publisher, distributor, etc | MARKAZI MAKTABA ISLAMI |
| Date of publication, distribution, etc | 2011 |
| 270 ## - ADDRESS | |
| City | NewDelhi |
| Address | D-307 ,DAWAT NAGAR ,ABUL FAZI ENCLAVE |
| Postal code | 110025 |
| 300 ## - PHYSICAL DESCRIPTION | |
| Extent | 139p |
| Dimensions | 22cm(Pb) |
| 700 ## - ADDED ENTRY--PERSONAL NAME | |
| 9 (RLIN) | 79862 |
| 710 ## - ADDED ENTRY--CORPORATE NAME | |
| 9 (RLIN) | 59600 |
| 942 ## - ADDED ENTRY ELEMENTS (KOHA) | |
| Source of classification or shelving scheme | Dewey Decimal Classification |
| Item type | English Books |
| Classification part | 270 |
| Call number suffix | KAZ |
| Edition | 1 |
| Withdrawn status | Lost status | Not for loan | Collection code | Home library | Current library | Date acquired | Source of acquisition | Cost, normal purchase price | Full call number | Barcode | Copy number | Cost, replacement price | Koha item type |
|---|---|---|---|---|---|---|---|---|---|---|---|---|---|
| Non-fiction | Patel Nagar | Patel Nagar | 25/03/2025 | DBAD | 80.00 | 270 KAZ | EN-127769 | 1 | 80.00 | English Books |
